Pháp lệnh bảo vệ bí mật nhà nước

Сохранить в:
Библиографические подробности
Формат:
Язык:Undetermined
Опубликовано: H. CTQG
Предметы:
Метки: Добавить метку
Нет меток, Требуется 1-ая метка записи!
Thư viện lưu trữ: Trung tâm Học liệu Trường Đại học Cần Thơ
LEADER 00423nam a2200145Ia 4500
001 CTU_50081
008 210402s9999 xx 000 0 und d
082 |a 346.5970922 
082 |b Ph109 
245 0 |a Pháp lệnh bảo vệ bí mật nhà nước 
260 |a H. 
260 |b CTQG 
650 |a government securities 
650 |x law and legislation 
980 |a Trung tâm Học liệu Trường Đại học Cần Thơ